00739 a2200169 45000010006000000050017000060080041000230030015000640400040000790800034001192450081001530200018002342640055002523000019003075050216003261000027005424865120260407155751.0260407a2003 arg spa dAR-UNSa-BCEJYS aAR-UNSa-BCEJYSbspacAR-UNSa-BCEJYS a94(82)xHistoria de Argentina10aLa Argentina y la tormenta del mundopIdeas e ideologías entre 1930 y 1945 a987-1105-31-2 1aBuenos Aires :bSiglo XXI Editores Argentinac2003 a254 p.c21 cm. a1. ¿Tiene aún un futuro la democracia? - 2. Hacia una imagen alternativa de la experiencia histórica argentina - 3. Ecos de una tormenta cada vez más cercana - 4. El mundo en vilo - 5. Un país en vilo. 1 aHalperin Donghi, Tulio